000 00688nam a2200265Ia 4500
005 20260121165747.0
008 008 260114s9999 xx 000 0 eng d
020 _a9783319292281
037 _aEBOOK
040 _aCRL
040 _beng
040 _cCRL
041 _2eng
041 _aeng
084 _qCRL
100 _aStefano Battiston, Francesco De Pellegrini, Guido Caldarelli, Emanuela Merelli
_91055702
245 0 _aProceedings of ECCS 2014
260 _bSpringer
260 _bSpringer
260 _c2016
856 _uhttps://link.springer.com/openurl?genre=book&isbn=978-3-319-29228-1
942 _cEBOOK
999 _c1621430
_d1621430